000 00335 a2200157 4500
001 185954
020 _a84-207-4303-8
040 _cMagnum
100 _aT. Alquier
240 1 0 _a¡Vaya inundacion!
_lpor
245 1 0 _a¡Vaya inundacion!
300 _a
362 0 _a1991
697 _aLITERATURA INFANTIL ESPANHOLA
942 _cBK
999 _c185954
_d185954